Loading...
| Social Science | 0 | 4 | 0 | 1 | 40 | 100 | 120.50 | 1 | 4 |
| History - World History | 0 | 4 | 1 | 1 | 35 | 89 | 113.75 | 2 | 4 |
| History - European History | 0 | 3 | 0 | 1 | 30 | 108 | 131.67 | 2 | 3 |
| Fine Arts - Painting and Sculpture | 0 | 3 | 0 | 0 | 30 | 145 | 149.67 | 0 | 3 |
| Current Events | 1 | 1 | 0 | 0 | 25 | 47 | 82.00 | 1 | 1 |
| Other Academic | 0 | 2 | 0 | 0 | 20 | 78 | 108.00 | 1 | 2 |
| Religion | 0 | 2 | 0 | 1 | 20 | 134 | 138.50 | 0 | 2 |
| History - American History | 0 | 2 | 1 | 0 | 15 | 127 | 131.00 | 0 | 1 |
| Fine Arts - Other Fine Arts | 0 | 1 | 0 | 0 | 10 | 127 | 127.00 | 0 | 1 |
| Literature - Short Fiction | 0 | 1 | 0 | 0 | 10 | 97 | 97.00 | 0 | 1 |
| History - Other History | 0 | 1 | 1 | 0 | 5 | 100 | 100.00 | 1 | 1 |
| Geography | 0 | 1 | 1 | 1 | 5 | 126 | 126.00 | 0 | 1 |
| Literature - Long Fiction | 0 | 0 | 0 | 0 | 0 | 0.00 | 0 | 0 | |
| Science - Chemistry | 0 | 0 | 0 | 0 | 0 | 0.00 | 0 | 0 | |
| Science - Other Science | 0 | 0 | 0 | 0 | 0 | 0.00 | 0 | 0 | |
| Mythology | 0 | 0 | 0 | 0 | 0 | 0.00 | 0 | 0 | |
| Philosophy | 0 | 0 | 1 | 0 | -5 | 0.00 | 0 | 0 | |
| Science - Physics | 0 | 0 | 1 | 0 | -5 | 0.00 | 0 | 0 |